| 000 | 01159nam0a22002771 4500 | ||
|---|---|---|---|
| 001 | v19\rc\1247666 | ||
| 005 | 20060306175443.7 | ||
| 035 | _a(NLR Aleph) 004404501 | ||
| 090 |
_a3921950 _c3921950 |
||
| 100 | _a20060306e18881888|||y0rusy50 ca | ||
| 101 | 0 | _arus | |
| 102 | _aRU | ||
| 105 | _aa z ||||| | ||
| 200 | 1 | _aЕще о кульджинской находке | |
| 210 |
_a[Санкт-Петербург] _cтип. Акад. наук _d[1888] |
||
| 215 |
_a2 с. _cил. _d28 |
||
| 300 | _aВ конце текста авт.: В. Тизенгаузен | ||
| 309 | _aБез тит. л. и обл. | ||
| 311 | _aОтд. отт. из "Записок Вост. отдел. Рус. археол. общ.", т. 3, вып. 1, с. 129-130". 1888 | ||
| 488 | 0 |
_12001#$aЗаписки Восточного отделения Русского археологического общества$v1888, т. 3, вып. 1 _1215##$aС. 129-130 |
|
| 700 | 1 |
_aТизенгаузен _bВ. Г. _f1825-1902 _gВладимир Густавович |
|
| 801 | 0 |
_aRU _bNLR _gpsbo |
|
| 801 | 1 |
_aRU _bProSoft-M _2rusmarc |
|
| 852 |
_aNLR _j18.319.7.99 |
||
| 942 | _cBOOK | ||
| 980 | _aNB | ||